书目信息 |
| 题名: |
交通枢纽行人仿真建模与应用
|
|
| 作者: | 张蕊 著 | |
| 分册: | ||
| 出版信息: | 北京 中国建筑工业出版社 2018.09 |
|
| 页数: | 156页 | |
| 开本: | 20cm | |
| 丛书名: | ||
| 单 册: | ||
| 中图分类: | U115 | |
| 科图分类: | ||
| 主题词: | 综合运输--体制 , 综合运输--结构 | |
| 电子资源: | ||
| ISBN: | 978-7-112-22425-8 | |
| 000 | 00624nam0 2200205 45 | |
| 001 | 1953902282 | |
| 005 | 20190307145823.78 | |
| 010 | @a978-7-112-22425-8@dRMB 32.00 | |
| 100 | @a20190307d2018 km y0chiy0120 ea | |
| 101 | 0 | @achi |
| 102 | @aCN@b110000 | |
| 200 | 1 | @a交通枢纽行人仿真建模与应用@Ajiao tong shu niu xing ren fang zhen jian mo yu ying yong@f张蕊等著@Fzhang rui deng zhu |
| 210 | @a北京@c中国建筑工业出版社@d2018.09 | |
| 215 | @a156页@d20cm | |
| 606 | 0 | @a综合运输@x体制 |
| 606 | 0 | @a综合运输@x结构 |
| 690 | @aU115@v4 | |
| 701 | 0 | @a张蕊@Azhang rui@4著 |
| 801 | 0 | @aCN@bPFT@c20190307 |
| 905 | @a10447@dU115@eZ153 | |
| 交通枢纽行人仿真建模与应用/张蕊等著.-北京:中国建筑工业出版社,2018.09 |
| 156页;20cm |
| ISBN 978-7-112-22425-8:RMB 32.00 |
| ● |
| 相关链接 |
|
|
|
正题名:交通枢纽行人仿真建模与应用
索取号:U115/Z153
 
预约/预借
| 序号 | 登录号 | 条形码 | 馆藏地/架位号 | 状态 | 备注 |
| 1 | 1302005 | 213020050 | 自科库501/501自科库 49排1列1层/ [索取号:U115/Z153] | 在馆 |